|
|
|
|
| LEADER |
01226cam a2200265 a 4500 |
| 001 |
515333 |
| 003 |
GR-PaULI |
| 005 |
20211018110404.0 |
| 008 |
860311s1986 maua b 001 0 eng |
| 952 |
|
|
|0 0
|1 0
|2 ddc
|4 0
|6 371_334000000000000_SOL
|7 0
|9 126109
|a LISP
|b LISP
|c BSC
|d 2016-04-24
|i 1159
|l 0
|o 371.334 SOL
|p 025000282045
|r 2016-04-24 00:00:00
|t 1
|v 2016.00
|w 2016-04-24
|y BK15
|x Μεταφορά από Τμ. Μηχανικών ΗΥ & Πληροφορικής
|
| 999 |
|
|
|c 82726
|d 82726
|
| 010 |
|
|
|a 86003018
|
| 020 |
|
|
|a 0262192497
|
| 040 |
|
|
|a DLC
|c GR-PaULI
|d
|b gre
|e AACR2
|
| 082 |
0 |
4 |
|a 371.334
|2 23
|
| 100 |
1 |
|
|a Solomon, Cynthia
|9 188021
|e συγγραφέας
|
| 245 |
1 |
0 |
|a Computer environments for children :
|b a reflection on theories of learning and education /
|c Cynthia Solomon.
|
| 260 |
|
|
|a Cambridge, Mass. :
|b MIT Press,
|c c1986.
|
| 300 |
|
|
|a viii, 183 σ. :
|b εικ. ;
|c 24 εκ.
|
| 500 |
|
|
|a
|
| 500 |
|
|
|a
|
| 504 |
|
|
|a Περιλαμβάνει βιβλιογραφικές παραπομπές και ευρετήριο.
|
| 650 |
|
4 |
|a Μαθηματικά
|x Διδασκαλία με τη βοήθεια ηλεκτρονικού υπολογιστή.
|9 188022
|
| 942 |
|
|
|2 ddc
|c BK15
|
| 998 |
|
|
|c ΜΠΟΥΡΑΣ
|d 2021-10
|